000
00309nam a22001337a 4500
008
170502b xxu||||| |||| 00| 0 eng d
020
_a
9780842024303
041
_a
eng
080
_2
2ND
_a
347
100
_a
14
101
_a
SHJ
245
_a
WOMEN AND AMERICAN FOREIGN POLICY
_c
CRAPOL, E.P
942
_2
udc
_c
BK
999
_c
12415
_d
12415